| 000 | 00756nas a2200265 4500 | ||
|---|---|---|---|
| 001 | BR0904738 | ||
| 003 | BR-BrBNA | ||
| 005 | 20231205113535.0 | ||
| 007 | ta | ||
| 008 | 230509b bl.|||p| |||| 00| 00por d | ||
| 040 |
_aBR-BrBNA _bpor _cBiblioteca Nacional de Agricultura |
||
| 041 | _a(Pt) | ||
| 072 | _aF03 | ||
| 100 | 1 | _aSera, G.H. | |
| 100 | 1 | _aMiglioranza, E. | |
| 100 | 1 | _aSera, T. | |
| 245 | 1 | _aAvaliação da viabilidade de sementes de café por exsudatos | |
| 650 | _aCAFÉ | ||
| 650 | _aSEMENTE | ||
| 650 | _aGERMINAÇÃO | ||
| 650 | _aQUALIDADE | ||
| 773 | 0 |
_tSemina. Ciências Agrárias (Brazil) _xISSN 1676-546X _g(Jan-Mar 2006), v. 27(1) p. 21-26 _wBR0904738 |
|
| 909 |
_a202311 _bLúcia _c55 _dLúcia Elande |
||
| 942 |
_2AGRIS _n0 _cANA |
||
| 999 |
_c204318 _d204318 |
||